Conservación de la biodiversidad y áreas protegidas en los países tropicales (Registro nro. 13360)

Detalles MARC
000 -CABECERA
Campo de control 003870000a22001210004500
090 ## - CLASIFICACIÓN LOCAL
Colección AR
Consecutivo 04263
041 0# - IDIOMA
Código de idioma para texto/pista de sonido o título separado
100 1# - ASIENTO PRINCIPAL--NOMBRE PERSONAL
Nombre personal Halffter, Gonzalo
245 10 - MENCION DE TITULO
Título Conservación de la biodiversidad y áreas protegidas en los países tropicales
500 ## - NOTA GENERAL
Nota general <Literatura de escarabajos coprófagos>
773 1# - Item fuente:
Título Ciencias
Datos de la serie Revista de difusión
Descripción física 36
Paginas del Articulo 4-13
Lugar, editorial y fecha de publicación 1994
942 ## - ELEMENTOS ADICIONALES (KOHA)
Tipo de ítem Artículo
Existencias
Withdrawn status Lost status Damaged status No para préstamo Colección Ubicación Permanente Ubicación actual Fecha de adquisición Fuente de Valor Datos de publicación Seriada Total Checkouts Número topográfico Inventario / Código de Barras Date last seen Ejemplar Price effective from Forma de adquisición Tipo de material
      No para Préstamo Hemeroteca Bogotá Bogotá 17/11/2006 Trujillo, Diego Fuera de circulación   AR 04263 023706 25/03/2015 1 25/03/2015   Artículo